| 000 | 01053nam0a22002771 4500 | ||
|---|---|---|---|
| 001 | rc\292487 | ||
| 005 | 20250621022602.0 | ||
| 010 |
_a5-7455-0316-5 _9500 |
||
| 035 | _a(NLR Aleph) 005523594 | ||
| 090 |
_a5534228 _c5534228 |
||
| 100 | _a20030307d1990 |||y0rusy50 ca | ||
| 101 | 0 | _arus | |
| 102 | _aRU | ||
| 105 | _ay ||||||||| | ||
| 200 | 1 |
_aИнтенсификация производства и потребления при социализме _f[И.Г. Незнамов, И.С. Шаршов, Г. Зайдль и др. _gНауч. ред. И.С. Шаршов] |
|
| 210 |
_aВоронеж _cИзд-во Воронеж. ун-та _d1990 |
||
| 215 |
_a116, [2] с. _d20 |
||
| 300 | _aАвт. указаны на 6-й с. | ||
| 320 | _aБиблиогр. в примеч.: с. 114-117 | ||
| 701 | 1 |
_aНезнамов _bИ.Г. _gИгорь Георгиевич |
|
| 702 | 1 |
_aШаршов _bИ.С. _gИван Сергеевич _4340 |
|
| 801 | 0 |
_aRU _bNLR _gpsbo |
|
| 801 | 1 |
_aRU _bELAR _2rusmarc |
|
| 852 |
_aNLR _j90-3/14520 |
||
| 942 | _cBOOK | ||
| 980 | _aNB | ||